A pénzügyi kultúra fogalom ellentmondásai

Elmentve itt :
Bibliográfiai részletek
Szerző: Málovics Éva
Dokumentumtípus: Cikk
Megjelent: 2018
Sorozat:Acta Universitatis Szegediensis : acta juridica et politica 82
Kulcsszavak:Pénzügy
Tárgyszavak:
Online Access:http://acta.bibl.u-szeged.hu/73602
LEADER 00729nab a2200217 i 4500
001 acta73602
005 20231107081329.0
008 211104s2018 hu o 0|| hun d
020 |a 978-963-306-621-8 
022 |a 0324-6523 
040 |a SZTE Egyetemi Kiadványok Repozitórium  |b hun 
041 |a hun 
100 1 |a Málovics Éva 
245 1 2 |a A pénzügyi kultúra fogalom ellentmondásai  |h [elektronikus dokumentum] /  |c  Málovics Éva 
260 |c 2018 
300 |a 219-234 
490 0 |a Acta Universitatis Szegediensis : acta juridica et politica  |v 82 
650 4 |a Társadalomtudományok 
650 4 |a Jogtudomány 
695 |a Pénzügy 
856 4 0 |u http://acta.bibl.u-szeged.hu/73602/1/juridpol_082_219-234.pdf  |z Dokumentum-elérés